Interaktívne domy poznania edukačné audiovizuálne diela spracované v digitálnej podobe

Bibliographic Details
Format: Article
Language:Slovak
PhysicalDescription:Obrázky
ISSN:1335-2733
Subjects:

MARC

LEADER 00000nab a2200000 ur4500
001 vtls012016660
003 SK-MaSNL
005 20260305035419.0
008 210303c2020 xo |r|p||| |000 b|slo
015 |a SNBRB2020/03 
038 |a SPK 
040 |a SPKCL  |b slo  |c AACR2  |e AACR2 
041 0 |a slo  |b slo  |b eng 
044 |a xo  |c SK 
072 7 |a 37.014  |x Vzdelávacia a výchovná politika  |2 konspekt 
080 |a 37.014.22  |2 2011 
245 0 0 |a Interaktívne domy poznania  |b edukačné audiovizuálne diela spracované v digitálnej podobe 
246 3 1 |a Educational audiovisual works processed in digital form 
300 |b Obrázky 
336 |a text  |b txt  |2 rdacontent 
337 |a bez média  |b n  |2 rdamedia 
338 |a zväzok  |b nc  |2 rdacarrier 
504 |a Obsahuje bibliografiu 
546 |a Slovenské a anglické resumé 
650 0 7 |a funkčná gramotnosť  |2 SNKPH  |9 69139 
650 0 7 |a interaktívne domy poznania  |2 spk  |9 1617996 
773 0 |t Naša škola  |g Roč. 24., č. 3-4 (2020/21), s. 34-35  |x 1335-2733 
852 |a SPK  |b KIS3GCP 
958 |a NB 
999 |c 3333697  |d 3335627